000 00983pam a2200289 a 4500
001 4453021
003 NUST
005 20220223111634.0
008 950728s1996 nyuab 001 0 eng
010 _a 95037493
020 _a978-0-07-802296-8 (pbk. : acid free paper)
038 _aSOHAIL
040 _aDLC
_cDLC
_dDLC
050 0 0 _aQE38
_b2018
082 0 0 _a550 REI
_220
100 1 _aJames S. Reichard
_d2018
_989400
245 1 0 _aEnvironmental geology / 3rd Edition
_cJames S. Reichard
260 _aNew York :
_bMc Graw Hill
_c2018.
300 _a557 p. :
_bill. (some col.), col. maps ;
_c28 cm.
500 _aIncludes index.
563 _aH.B Acid Free Paper
650 0 _aEnvironmental geology (3rd Ed)
_989401
700 1 _aJames S. Reichard
_989403
906 _a7
_bcbc
_corignew
_d1
_eocip
_f19
_gy-gencatlg
942 _2ddc
_cBK
_k550 REI
999 _c588154
_d588154